| 000 | 00687nam a2200229 i 4500 | ||
|---|---|---|---|
| 001 | 51341 | ||
| 003 | ES-MaACL | ||
| 005 | 20250824204721.0 | ||
| 007 | t| | ||
| 008 | 030812s1974 sp ||||1| spa d | ||
| 100 | 1 |
_aCharpentier, Louis. _938111 |
|
| 245 | 1 | 3 |
_aEl misterio de los templarios / _cLouis Charpentier ; [Carlos Fabiani, traducción]. |
| 250 | _a[2ª ed.]. | ||
| 260 |
_aBarcelona : _bBruguera, _c[1974] |
||
| 300 |
_a220 p. ; _c18 cm. |
||
| 490 | 1 | _aLibro amigo | |
| 610 | 2 | 4 |
_aOrden del Temple. _96041 |
| 700 | 1 |
_aFabiani, Carlos. _948514 |
|
| 830 | 0 | 0 |
_aLibro amigo (Bruguera) _9220624 |
| 852 |
_aES-MaACL _jE-6426 _bR.91017 |
||
| 999 |
_c51341 _d51341 |
||